Hitotsubashi journal of economics

Enregistré dans:
Détails bibliographiques
Format: Publication en série
Langue:anglais
Publié: Tokyo Hitotsubashi Academy Hitotsubashi University 1996
Sujets:
Tags: Ajouter un tag
Pas de tags, Soyez le premier à ajouter un tag!

MARC

LEADER 00000nas2a2200000 4500
001 s107278
005 20221221070420.0
022 |a 0018-280X 
041 0 |a eng 
044 |a JP 
245 1 0 |a Hitotsubashi journal of economics 
264 1 |a Tokyo  |b Hitotsubashi Academy Hitotsubashi University  |c 1996 
300 |a 1 zv. 
773 0 |w eu_un_cat*s120199 
610 2 0 |a politika hospodárska